000 00774nam a2200241 i 4500
001 bg
245 0 0 _aZastosowanie metod ilościowych w badaniach ekonomiczno-społecznych /
_cred. nauk. Marcin Zawada ; Politechnika Częstochowska.
260 _aCzęstochowa :
_bWydawnictwo Politechniki Częstochowskiej,
_c2007.
300 _a221 s. :
_bil. ;
_c24 cm.
504 _aBibliogr. przy pracach.
546 _aTekst częśc. ang. Streszcz. ang. przy pracach.
650 9 _aEkonometria
_xmetody
700 1 _aZawada, Marcin.
_eRed.
015 _aPB 17052/2008
020 _a9788371933615
040 _cBPK
041 0 _apol
_aeng
_beng
044 _aPOL
080 _a330.43
920 _a978-83-7193-361-5
942 _cKS
008 080617s2007 pl a |000 0 pol
999 _c55550
_d55550
856 _uhttp://koha.tu.koszalin.pl/cgi-bin/koha/opac-detail.pl?biblionumber=55550
_yKatalog online BPK